Descripción agrobotánica de papas nativas / (Record no. 23583)

000 -CABECERA
fixed length control field 01367nam a22002897a 4500
003 - IDENTIFICADOR DEL NÚMERO DE CONTROL
control field AR-CdUCM
008 - DATOS DE LONGITUD FIJA--INFORMACIÓN GENERAL
fixed length control field 260401b2024 pe ||||| |||| 00| 0 spa d
020 ## - NÚMERO INTERNACIONAL ESTÁNDAR DEL LIBRO
ISBN N° 978-612-4236-45-7
040 ## - FUENTE DE LA CATALOGACIÓN
Agencia/entidad que catalogó originalmente la obra MUNICIPALIDAD PROVINCIAL DEL CUSCO
Entidad que transcribió la catalogación BIBLIOTECA MUNICIPAL DEL CUSCO
082 ## - NÚMERO DE LA CLASIFICACIÓN DECIMAL DEWEY
No. de Clasificación 581.6 /
Notacion interna L69
100 ## - ENTRADA PRINCIPAL--NOMBRE DE PERSONA
Nombre Personal Lizárraga Valencia, Luis Justino
245 ## - MENCIÓN DE TÍTULO
Título Descripción agrobotánica de papas nativas /
260 ## - PUBLICACIÓN, DISTRIBUCIÓN, ETC.
Lugar de publicación, distribución, etc. Cusco - Perú :
Nombre de la editorial, distribuidor, etc. Universidad Nacional de San Antonio Abad del Cusco,
Fecha de publicación, distribución, etc. 2024.
300 ## - DESCRIPCIÓN FÍSICA
Nº de Páginas Extensión 127 Páginas. :
Otros detalles físicos Tablas, mapas, figuras
Dimensiones 20 x 29 cm.
500 ## - NOTA GENERAL
Bibliografía Página 127
505 ## - NOTA DE CONTENIDO CON FORMATO
Nota de contenido formateada Contenido: La diversidad de la papa en el Perú Lugares de alta concentración y variabilidad de la papa -- Riqueza de especies -- Variedades nominales -- Local -- Colecciones del Centro Internacional de la papa y el Centro Regional de Investigación en Biodiversidad Andina para la Región del Cusco -- Pasaporte de las papas nativas -- Descripción
650 ## - PUNTO DE ACCESO ADICIONAL DE MATERIA--TÉRMINO DE MATERIA
Descriptor Descripción de las papas
9 (RLIN) 52497
650 ## - PUNTO DE ACCESO ADICIONAL DE MATERIA--TÉRMINO DE MATERIA
Descriptor Caracteres agronómicos
9 (RLIN) 52498
650 ## - PUNTO DE ACCESO ADICIONAL DE MATERIA--TÉRMINO DE MATERIA
Descriptor Descripción morfológica
9 (RLIN) 52499
700 ## - PUNTO DE ACCESO ADICIONAL--NOMBRE DE PERSONA
Nombre Personal Pacheco Farfán, Doris Flor
9 (RLIN) 22873
700 ## - PUNTO DE ACCESO ADICIONAL--NOMBRE DE PERSONA
Nombre Personal Jimenez Aguilar, Catalina
9 (RLIN) 22222
700 ## - PUNTO DE ACCESO ADICIONAL--NOMBRE DE PERSONA
Nombre Personal Lizárraga Farfán, Analí
9 (RLIN) 52500
856 ## - LOCALIZACIÓN Y ACCESO ELECTRÓNICOS
Dirección electrónica www.unsaac.edu.pe/
942 ## - ELEMENTOS DE PUNTO DE ACCESO ADICIONAL (KOHA)
Fuente de clasificación
Tipo de item Libros-BMC
945 ## - PROCESAMIENTO DE INFORMACIÓN LOCAL (OCLC)
Catalogador jmcs
AAAA-MM-DD - Fecha de ingreso o modificacion 01/03/2026
Holdings
Estado de retiro (separado) Fuente de clasificación o esquema de estanterías Estado dañado Ubicación Sala donde se ubica Nombre de la colección Fecha de adquisición o compra Fuente de adquisición Costo, precio normal en soles Signatura topográfica Código de Barras Última vez visto (Koha) Tipo de ítem (Koha)
No     Sala Ciencias Sala Ciencias Book Cart 2026-04-01 Donación 30.00 581.6 / L69 SC0000002449 2026-04-01 Libros-BMC

Powered by Koha